| 000 | 00529nam a22001577a 4500 | ||
|---|---|---|---|
| 005 | 20120323120246.0 | ||
| 020 |
_a8170580412 _c35.00 |
||
| 035 | _aB-84029 | ||
| 037 |
_aDPL _bENG |
||
| 100 |
_aSri Aurobindo _944150 |
||
| 245 |
_aIsha Upanishad / _cby Sri Aurobindo |
||
| 260 |
_aPondicherry _bSri Aurobindo Ashram _c2002 |
||
| 300 |
_ai, 79p. _c18 cms. |
||
| 942 |
_2ddc _cEN _h220.24 _mAUR |
||
| 999 |
_c64280 _d64280 |
||